Strategic management
Αποθηκεύτηκε σε:
| Κύριος συγγραφέας: | |
|---|---|
| Άλλοι συγγραφείς: | |
| Μορφή: | Βιβλίο |
| Γλώσσα: | English |
| Δημοσίευση: |
Houndmills :
MacMillan,
1987
|
| Θέματα: | |
| Ετικέτες: |
Προσθήκη ετικέτας
Δεν υπάρχουν, Καταχωρήστε ετικέτα πρώτοι!
|
MARC
| LEADER | 00000nam a2200000 i 4500 | ||
|---|---|---|---|
| 001 | 1/33144 | ||
| 008 | 960315s1987 eng d | ||
| 020 | |a 0333387651 | ||
| 035 | |l 10023881 | ||
| 040 | |a GR-MY-UA |b gre |e aacr | ||
| 041 | 0 | |a eng | |
| 082 | 0 | |a 658.4012 | |
| 100 | 1 | |a Bowman, Cliff. | |
| 245 | 1 | 0 | |a Strategic management |
| 260 | |a Houndmills : |b MacMillan, |c 1987 | ||
| 650 | 0 | 0 | |a Business planning. |
| 700 | 1 | |a Asch, David |d 1948- | |
| 852 | |a INST |b CHIOS |e 19960315 |h 658.4012 BOW |p 005200004450 |q 005200004450 |t BK |y 0 | ||
| 909 | |a Χ |b 009460 | ||